Practicals in Basic Electronics (Record no. 6920)

MARC details
000 -LEADER
fixed length control field 00377nam a2200157Ia 4500
008 - FIXED-LENGTH DATA ELEMENTS--GENERAL INFORMATION
fixed length control field 221030s9999 xx 000 0 und d
020 ## - INTERNATIONAL STANDARD BOOK NUMBER
ISBN 8186555455
041 ## - LANGUAGE CODE
Language code of text/sound track or separate title
082 ## - DEWEY DECIMAL CLASSIFICATION NUMBER
Classification number 105.23
Item number Mit
100 ## - MAIN ENTRY--AUTHOR NAME
Personal name G. K. Mithal
245 #0 - TITLE STATEMENT
Title Practicals in Basic Electronics
Statement of responsibility, etc by G. K. Mithal
260 ## - PUBLICATION, DISTRIBUTION, ETC. (IMPRINT)
Name of publisher G. K. Pub
Place of publication Jabalpur
Year of publication 0
300 ## - PHYSICAL DESCRIPTION
Number of Pages 7.3
650 ## - SUBJECT ADDED ENTRY--TOPICAL TERM
Topical Term ECE
942 ## - ADDED ENTRY ELEMENTS (KOHA)
Koha item type Books
Holdings
Accession Number Cost, normal purchase price Full call number Price effective from Koha item type Withdrawn / writtenoff status Materials specified (bound volume or other part) Damaged status Not for loan Permanent Location Current Location Shelving location Date acquired Lost/ Missing status department
BE 2713 40.00 105.23 Mit 10/30/2022 Books   Print     MIET Library, Jammu MIET Library, Jammu BL-Academic Block-a, FL-1, CUP-11, SH-1, R-1 03/10/2001   BE
BE 2715 40.00 105.23 Mit 10/30/2022 Books   Print     MIET Library, Jammu MIET Library, Jammu BL-Academic Block- A, FL-1, CUP-12, SH-5, R-5 03/10/2001   BE
BE 2716 40.00 105.23 Mit 10/30/2022 Books   Print     MIET Library, Jammu MIET Library, Jammu BL-Academic Block- A, FL-1, CUP-12, SH-5, R-5 03/10/2001   BE
BE 2717 40.00 105.23 Mit 10/30/2022 Books   Print   Not For Loan MIET Library, Jammu MIET Library, Jammu BL-Second, FL-1, CUP-75, SH-1, R-1 03/10/2001   BE
B 4321   105.23 10/30/2022 Books   Print     MIET Library, Jammu MIET Library, Jammu BL-, FL-, CUP-0, SH-0, R-0 06/20/2012   BE
B 4322   105.23 10/30/2022 Books   Print     MIET Library, Jammu MIET Library, Jammu BL-, FL-, CUP-0, SH-0, R-0 06/20/2012   BE
B 4323   105.23 10/30/2022 Books   Print     MIET Library, Jammu MIET Library, Jammu BL-, FL-, CUP-0, SH-0, R-0 06/20/2012   BE
B 4324   105.23 10/30/2022 Books   Print     MIET Library, Jammu MIET Library, Jammu BL-, FL-, CUP-0, SH-0, R-0 06/20/2012   BE
B 4320   105.23 10/30/2022 Books   Print     MIET Library, Jammu MIET Library, Jammu BL-, FL-, CUP-0, SH-0, R-0 06/18/2012   BE
B 2715   105.23 10/30/2022 Books   Print     MIET Library, Jammu MIET Library, Jammu BL-, FL-, CUP-0, SH-0, R-0 07/17/2012   BE
B 2716   105.23 10/30/2022 Books   Print     MIET Library, Jammu MIET Library, Jammu BL-, FL-, CUP-0, SH-0, R-0 07/17/2012   BE